000 00391pam a2200157a 44500
008 230515b2015 xxu||||| |||| 00| 0 eng d
020 _a97881126513055
041 _aENGLISH
082 _a004
100 _aRAIMANN R./COOPER A.
245 _aTHE ESSENTAILS OF INTERACTION DESIGN
250 _a2014
260 _aDHELI
_bWILEY INDIA PUBLICATION
_c2015
300 _a610P
650 _aNULL
999 _c610442
_d610442